Grammar and Vocabulary for Cambridge Advanced and Proficiency: With Keu

Библиографические подробности
Главный автор: Side R. Richard
Другие авторы: Wellman G. Guy
Язык:английский
Опубликовано: Longman, 2001
Предметы:
Формат: MixedMaterials Книга
Запись в KOHA:https://koha.lib.tpu.ru/cgi-bin/koha/opac-detail.pl?biblionumber=29815

MARC

LEADER 00000nam0a2200000 4500
001 29815
005 20231101205932.0
010 |a 0582419638 
035 |a (RuTPU)RU\TPU\book\30081 
035 |a BOOK00030157 
090 |a 29815 
100 |a 20011209d2001 m y0engy50 ba 
101 0 |a eng 
102 |a GB 
105 |a y j 000zy 
200 1 |a Grammar and Vocabulary for Cambridge Advanced and Proficiency  |e With Keu  |f R. Side, G. Wellman 
210 |c Longman  |d 2001 
215 |a 286 p. 
606 1 |a Английский язык  |x Учебные руководства и пособия  |x Учебные руководства и пособия для высшей школы  |2 stltpush  |3 (RuTPU)RU\TPU\subj\29071  |9 52483 
610 1 |a лексика 
610 1 |a сертификаты 
610 1 |a грамматика 
610 1 |a упражнения 
686 |a Ш143.21-923.2  |v LBC/SL-A  |2 rubbk 
700 1 |a Side  |b R.  |g Richard 
701 1 |a Wellman  |b G.  |g Guy 
801 0 |a RU  |b 63413507  |c 20011209  |g PSBO 
801 2 |a RU  |b 63413507  |c 20170608  |g PSBO 
942 |c BK